000 00327nam a22001337a 4500
020 _a0-07-Y66376-9
082 _a621.38275 KEI'O
100 _aKEISER, GERD
_962172
245 _aOPTICAL FIBER COMMUNICATION
260 _aNEWYORK
_bMCGRAW HILL
_c1983
300 _a318P
650 _aOPTICAL COMMUNICATION
_962173
942 _cBK
999 _c571366
_d571366